MDQL
is popping MORE tags! Check the
thread
!
Quizzes
Events
Quiz Creation
Community
Videos
Private Events
Remove Ads
Sign In
Join for FREE
Feedback
Dark Mode
Quiz Categories
Sports
Geography
Music
Movies
Television
Just For Fun
Miscellaneous
History
Literature
Language
Science
Gaming
Entertainment
Religion
Holiday
For Kids
Quiz Lab
Recent
Popular Today
Quiz Kudos Today
Editor Picks
Curator Picks
Quizzes by...
Day
Popularity
Type
Ratings
Length
Year
Community
Subscriptions
Recent Discussions
Orange Saloon
Badges
Playlists
Quests
Create
Leaderboards
Showdown
Live 5
Trivia Bingo
Activity
Puzzle Library
Sporcle Events
Private Events
Virtual Trivia
Globe League
Become a Host
Pub Owners
SporcleCon
Opinionation
Our Games
Videos
Blog
Mobile Apps
Partnerships
Remove Ads and Go Orange
Feedback
Television
TV Characters
TV Show
Sitcom
Network
Friends
Reality Shows
Cast
South Park
Star Trek
The Simpsons
Doctor Who
Television
TV Characters
TV Show
Sitcom
Network
Friends
Reality Shows
Cast
South Park
Star Trek
The Simpsons
Doctor Who
Random Quiz
Search Sporcle
×
Quiz Lab
Quiz Lab
Television
Song
Type in answers that appear in a list
Type in answers that appear in a list
Classic
Best Score? Go Orange.
Sing-Off Songs Season 2 Stats
Can you name the songs performed in each episode by each group?
By
Leakeygirl
20m
65 Questions
14 Plays
14 Plays
14 Plays
Comments
Comments
Give Quiz Kudos
Give Quiz Kudos
-
- Ratings
hide this ad
More Info
Forced Order
Answers have to be entered in order
Answers have to be entered in order
Replay
Link that replays current quiz
Next Quiz
Link to next quiz in quiz playlist
You Got
0%
They Got
Avg Score
40%
Avg Friend Score
Upgrade to see
Score Distribution
Jump to the score distribution portion of the page
Score
0/65
Timer
20:00
0
Plays Today
Episode
Song
% Correct
1, Signature Songs
Everybody Wants to Rule the World
71.4%
1, Signature Songs
This Love
71.4%
1, Signature Songs
Baby
64.3%
1, Signature Songs
Bad Romance
64.3%
1, Signature Songs
Grace Kelly
64.3%
2, Big Hits
Use Somebody
64.3%
2, Big Hits
Apologize
64.3%
3, Rock Songs and Guilty Pleasures
Loveshack
64.3%
1, Signature Songs
Good Girls Go Bad
57.1%
1, Signature Songs
If I Were A Boy
57.1%
2, Big Hits
Hey, Soul Sister
57.1%
2, Big Hits
Just the Way You Are
57.1%
2, Big Hits
Mercy
57.1%
3, Rock Songs and Guilty Pleasures
21 Guns
57.1%
3, Rock Songs and Guilty Pleasures
Creep
57.1%
3, Rock Songs and Guilty Pleasures
Pour Some Sugar on Me
57.1%
4, Star Medleys and Judges' Choice
Usher
57.1%
1, Signature Songs
I Wish
50%
1, Signature Songs
Save the Last Dance for Me
50%
1, Signature Songs
For the Longest Time
50%
2, Big Hits
Live Your Life
50%
2, Big Hits
Cooler Than Me
50%
2, Big Hits
Haven't Met You Yet
50%
3, Rock Songs and Guilty Pleasures
Come On, Eileen
50%
4, Star Medleys and Judges' Choice
The Beatles
50%
4, Star Medleys and Judges' Choice
Lady Gaga
50%
4, Star Medleys and Judges' Choice
Down On The Corner
50%
1, Signature Songs
I've Got The Music In Me
42.9%
2, Big Hits
Breakeven
42.9%
3, Rock Songs and Guilty Pleasures
You Give Love a Bad Name
42.9%
3, Rock Songs and Guilty Pleasures
Easy
42.9%
3, Rock Songs and Guilty Pleasures
Kyrie
42.9%
4, Star Medleys and Judges' Choice
Otis Redding
42.9%
Episode
Song
% Correct
3, Rock Songs and Guilty Pleasures
Satisfaction
35.7%
3, Rock Songs and Guilty Pleasures
Every Breath You Take
35.7%
3, Rock Songs and Guilty Pleasures
You Make My Dreams
35.7%
4, Star Medleys and Judges' Choice
Let's Stay Together
35.7%
4, Star Medleys and Judges' Choice
Landslide
35.7%
5, Finale
We Are the Champions
35.7%
1, Signature Songs
Na Na Hey Hey Kiss Him Goodbye
35.7%
1, Signature Songs
Take a Bow
35.7%
2, Big Hits
Leavin'
35.7%
4, Star Medleys and Judges' Choice
The Final Countdown
35.7%
3, Rock Songs and Guilty Pleasures
Changes
28.6%
3, Rock Songs and Guilty Pleasures
I Want It That Way
28.6%
4, Star Medleys and Judges' Choice
Elton John
28.6%
5, Finale
Put A Little Love in your Heart
28.6%
5, Finale
Ain't No Mountain High Enough
28.6%
5, Finale
Gone
28.6%
3, Rock Songs and Guilty Pleasures
That's Life
28.6%
5, Finale
Hit The Road, Jack
28.6%
4, Star Medleys and Judges' Choice
With A Little Help From My Friends
21.4%
4, Star Medleys and Judges' Choice
House of the Rising Sun
21.4%
5, Finale
King of Anything
21.4%
5, Finale
What Christmas Means To Me
21.4%
5, Finale
Firework
21.4%
5, Finale
Fix You
21.4%
2, Big Hits
Home Sweet Home
21.4%
5, Finale
Goodbye to You
21.4%
5, Finale
Drift Away
21.4%
5, Finale
Mowtownphilly
14.3%
5, Finale
Long Road Home
14.3%
5, Finale
Ain't No Sunshine
14.3%
5, Finale
Hold My Hand
14.3%
5, Finale
Love Train
14.3%
Quiz Playlist
Details
Report
Send in Message
Add To Playlist
More Info:
For the Star Medleys, enter the ARTIST whose songs the group performed, not the individual songs. I apologize for any typos!
Classic:
Type in answers that appear in a list
Forced Order:
Answers have to be entered in order
Last Updated: Feb 16, 2017
Quiz Scoreboard
CHALLENGE
Sign Up to Join the Scoreboard
Show All
Scores
Hide
Comments
May contain spoilers
Recently Published
Street Fighter Characters
by Artimus82
Gaming
60s
9x9 Crossword: Cartoon Network
by jackfrog10
Miscellaneous
3m
College Basketball Coaching Resumes
by pancakes188
Sports
9m
More to Explore
Quiz From the Vault
Featured Blog Post
Where Did the Easter Bunny Come From?
hide this ad
You Might Also Like...
Tags
Song Quiz
episode
group
Performed
season
Today's Top Quizzes in Television
Browse Television
hide this ad
Today's Top Quizzes in Song
Browse Song
Top Contributed Quizzes in Television
1
5-to-1: The Simpsons Families
2
Adjectives in 80s TV Shows
3
Adjectives in 00s TV Shows
4
Survivor Journey Challenge
5
5-to-1: Television Doctors
6
7-to-1: TV Show Settings
7
Adjectives in 10s TV Shows
8
5-to-1: Streaming Originals
9
Survivor Seasons
10
Adjectives in 70s TV Shows
Explore More
Trending Topics
Crossword
Harry Potter
Kpop
Disney
Marvel
NBA
Anime
Pokémon
The Office
Country
Song
WWE
Soccer
Puzzle
NFL
hide this ad
More By:
Leakeygirl
Quiz
Plays
Rating
Category
Featured
Created
Harry Potter Deaths
373
3.25
Literature
Aug 19, 2010
Sing-Off Teams, Season 3
55
4.00
Television
Jan 28, 2012
Sing-Off Teams from seasons 1, 2, and 3
22
4.50
Television
Jan 15, 2011
Sing-Off Songs Season 2
14
Television
Jan 21, 2011
Social Networking Tools in 'Hey Kristina'
5
Music
Jul 7, 2011
Go to Creator's Profile
Score Distribution
Quiz Creator Spotlight
Leakeygirl
Follow
Send a Message
Quizzes Created
-
Created Quiz Play Count
-
More By This Creator
Popular Quizzes Today
1
Find the US States - No Outlines Minefield
2
Find the Countries of Europe - No Outlines Minefield
3
The Countries of the World
4
Find the US States
5
Risky Map Clicking: Biggest States A-Z
6
US States
7
Popular People in 1961
8
Movies - When Are They Set?
More Television Quizzes
Named TV Shows
Published
Trending Quizzes
Risky Map Clicking: Least Populous States A-Z
Countries of the World: 200 Million BC
1-10 Letter G Words
Risky Map Clicking: Next State Alphabetically
Adjectives in 80s TV Shows
Recently Updated
Leaping Animals
pecheneg
Reality TV Shows (A-Z)
bhenderson79
Rickey Henderson's Hall of Fame Teammates
pecheneg
Champions League XIs: Arsenal
pecheneg
Quick Pick: Celebrities in WWE's Hall of Fame
aduchscher
A-Z Keypad Blitz II
pecheneg
Multiple Oscar Actors
pecheneg
Mystery Phrase Blitz: Oscar 'Best Actors'
pecheneg
F. Scott Fitzgerald Novels
LTH
Pick 3 Villains
ddd62291
Trending Topics
Harry Potter
NBA
Disney
Marvel
Kpop
Anime
Crossword
NFL
WWE
Country
Song
Puzzle
The Office
Pokémon
Soccer
Your Account Isn't Verified!
In order to create a playlist on Sporcle, you need to verify the email address you used during registration. Go to your
Sporcle Settings
to finish the process.
Report this User
Report this user for behavior that violates our
Community Guidelines
.
Details:
Send Report
Go to the Sporcle.com Mobile Site →
Comments